FASB proposals on stock option expensing : hearing before the Subcommittee on Commerce, Trade, and Consumer Protection of the Committee on Energy and Commerce, House of Representatives, One Hundred Eighth Congress, second session, July 8, 2004.

Bibliographic Details
Corporate Author: United States. Congress. House. Committee on Energy and Commerce. Subcommittee on Commerce, Trade, and Consumer Protection
Format: Government Document Book
Language:English
Published: Washington : U.S. G.P.O. : 2004.
Subjects:
Online Access:https://purl.fdlp.gov/GPO/LPS55662

MARC

Tag First Indicator Second Indicator Subfields
LEADER 00000cam a2200000 a 4500
001 in00002016758
005 20211202202751.0
008 041118s2004 dcu b f000 0 eng c
020 |a 0160737273 
035 |a (OCoLC)ocm56916453 
037 |a 552-070-31995-6  |b GPO 
040 |a R#A  |c R#A  |d GPO  |d MvI  |d UtOrBLW 
042 |a pcc 
043 |a n-us--- 
049 |a UDOC 
049 |a WWW 
050 1 4 |a KF27  |b .E5515 2004d 
074 |a 1019-A-01 
074 |a 1019-A-01 (online) 
074 |a 1019-B-01 (MF) 
074 |a 1019-B-01 (online) 
086 0 |a Y 4.C 73/8:108-99 
088 |a Serial no. 108-99 (United States. Congress. House. Committee on Energy and Commerce) 
110 1 |a United States.  |b Congress.  |b House.  |b Committee on Energy and Commerce.  |b Subcommittee on Commerce, Trade, and Consumer Protection. 
245 1 0 |a FASB proposals on stock option expensing :  |b hearing before the Subcommittee on Commerce, Trade, and Consumer Protection of the Committee on Energy and Commerce, House of Representatives, One Hundred Eighth Congress, second session, July 8, 2004. 
264 1 |a Washington :  |b U.S. G.P.O. :  |c 2004. 
264 2 |a Washington :  |b For sale by the Supt. of Docs., U.S. G.P.O., 
300 |a iii, 147 pages ;  |c 24 cm. 
336 |a text  |b txt  |2 rdacontent 
337 |a unmediated  |b n  |2 rdamedia 
338 |a volume  |b nc  |2 rdacarrier 
500 |a Distributed to some depository libraries in microfiche. 
500 |a Shipping list number: 2005-0034-P. 
500 |a Shipping List Date: 11/12/2004 
504 |a Includes bibliographical references. 
500 |a "Serial number 108-99." 
530 |a Also available via Internet from the GPO Access web site. Address as of 11/24/04: http://frwebgate.access.gpo.gov/cgi-bin/getdoc.cgi?dbname=108%5Fhouse%5Fhearings&docid=f:95450.pdf; current access available via PURL. 
650 0 |a Employee stock options  |z United States  |x Accounting. 
856 4 1 |u https://purl.fdlp.gov/GPO/LPS55662  |t 0 
999 |a MARS 
999 f f |s 9ceda5a7-e498-3ee7-ac24-e40ea86b34b6  |i d423ad4a-e440-337a-ad32-9196e2f72f0d  |t 0 
952 f f |a Texas A&M University  |b College Station  |c Electronic Resources  |d Available Online  |t 0  |e Y 4.C 73/8:108-99  |h Superintendent of Documents classification 
998 f f |a Y 4.C 73/8:108-99  |t 0  |l Available Online